00892cam a2200253 a 450000100100000000500170001000800410002702000150006804000250008304300120010808200160012024500840013626000600022030000410028050000200032165100350034170000350037670000280041170000280043991000280046704900090049595201190050499900150062300000661220200929153948.0930927s1990 be ab 001 0 eng d a0930664108 aDO-SdBNPcDLCdBNPHU ae-be--- aNNNNbM689400aModern Belgium /cedited by Rene Bryssinck, Marina Boudart, and Michel Boudart. aBrussels, Belgium :bModern Belgium Association,c1990. axxxi, 561 p. :bill., maps ;c23 cm. aIncludes index. 0aBelgiumxHistoryy1914-9183461 aBryssinck, Rene,d1922-9183471 aBoudart, Marian.9183481 aBoudart, Michel.918349 aCatalogación derivada aBNGR 001052708MOaGRbGRcCTd2009-09-01iLF1l0oNNNN M6894p6612-10r2020-06-25w2020-06-25y2ZPréstamo interno c6402d6402